Sustainable tourism management
Αποθηκεύτηκε σε:
| Κύριος συγγραφέας: | |
|---|---|
| Μορφή: | Βιβλίο |
| Γλώσσα: | English |
| Δημοσίευση: |
Oxon :
CABI,
1999
|
| Θέματα: | |
| Ετικέτες: |
Προσθήκη ετικέτας
Δεν υπάρχουν, Καταχωρήστε ετικέτα πρώτοι!
|
MARC
| LEADER | 00000cam a2200000 i 4500 | ||
|---|---|---|---|
| 001 | 1/85497 | ||
| 008 | 990701s1999 eng d | ||
| 020 | |a 0-85199-314-1 | ||
| 035 | |l 10051855 | ||
| 040 | |a GR-MY-UA |b gre |e aacr | ||
| 041 | 0 | |a eng | |
| 082 | 0 | |a 338.4791 | |
| 100 | 1 | |a Swarbrooke, John. | |
| 245 | 1 | 0 | |a Sustainable tourism management / |c John Swarbrooke |
| 260 | |a Oxon : |b CABI, |c 1999 | ||
| 300 | |a ix, 371 σ.; |c 24 εκ. | ||
| 500 | |a Το Παράρτημα της Χίου διαθέτει την έκδοση του 1999 και την ανατύπωση του 2005. | ||
| 504 | |a Περιλαμβάνει βιβλιογραφία και ευρετήριο | ||
| 650 | 0 | 0 | |a Ecotourism. |
| 650 | 0 | 0 | |a Sustainable development. |
| 852 | |a INST |b CHIOS |e 19990929 |h 338.4791 SWA |p 005200014231 |q 005200014231 |t BK |y 0 | ||
| 852 | |a INST |b CHIOS |e 20080410 |h 338.4791 SWA |p 005200027404 |q 005200027404 |t BK |y 0 | ||
| 852 | |a INST |b LESVOS |e 19990701 |h 338.4791 SWA |p 005100018734 |q 005100018734 |t BK |y 0 | ||
| 852 | |a INST |b LESVOS |e 20050516 |h 338.4791 SWA |p 005100029772 |q 005100029772 |t BK |y 0 | ||
| 901 | |a BIBL-1999-2 | ||
| 901 | |a BIBL1-2005-2 | ||
| 901 | |a BIBL2-2008-1 | ||
| 909 | |a Χ |b 055844 | ||
| 909 | |a Χ |b 151881 | ||
| 909 | |a Λ |b 066514 | ||
| 909 | |a Λ |b 114935 | ||
| 920 | |a ΔΙΕΥΡΥΝΣΗ |b ΕΠΕΑΕΚ-ΠΤΕ |y ΛΕΣΒΟΣ |z 2004-10 | ||
| 922 | |a 1ΕΛΗ |b 199906 |c ΚΠΣ/ΠΑΡΠΑΙΡΗΣ |d GLORY | ||
| 922 | |a 2ΕΛΗ |b 200803 |c ΕΠΕΑΕΚ2/ΤΔΕ |d ΕΛΕΥΘΕΡΟΥΔΑΚΗΣ | ||
| 950 | |a 158-1999-05-06 | ||
| 970 | |a ΣΠΕΝΤΖΑ |b ΕΛΕΝΗ |z 1999/07/01 | ||
| 970 | |a ΤΖΑΦΕΡΗ |b ΕΥΑΓΓΕΛΙΑ |z 1999/09/29 | ||